Propuesta de mejora para el área de recursos humanos de Litografía Y Serigrafía Xolotlán
El propósito del presente estudio se centra en proponer un plan de mejora para el área de recursos humanos de Litografía y Serigrafía Xolotlán, que permita atender los procesos que integran el sistema de recursos humanos de una Pyme en desarrollo.
| Main Authors: | , |
|---|---|
| Other Authors: | |
| Format: | Tesis Section = Libro |
| Language: | Undetermined Spanish |
| Published: |
Managua
UNI
2014
|
| Subjects: |
| LEADER | 01147nam a2200265Ia 4500 | ||
|---|---|---|---|
| 008 | 240830s9999 xx 000 0 und d | ||
| 040 | |a BIBLIOTECA-RUPAP T.Mon 658.3 M672 | ||
| 041 | |a spa | ||
| 082 | |a T.Mon 658.3 M672 | ||
| 100 | 1 | |a Miranda Urbina, Henry Andrés | |
| 100 | 1 | |b Zúniga Veja, Marcela Vanessa | |
| 245 | 1 | 0 | |a Propuesta de mejora para el área de recursos humanos de Litografía Y Serigrafía Xolotlán |
| 260 | |a Managua |b UNI |c 2014 | ||
| 300 | |a 54 p. :il. | ||
| 500 | |a Contiene: anexos e Incluye: CD. | ||
| 502 | |a Tesis (Ingeniero de Sistemas)- UNI, 2014. | ||
| 520 | 3 | |a El propósito del presente estudio se centra en proponer un plan de mejora para el área de recursos humanos de Litografía y Serigrafía Xolotlán, que permita atender los procesos que integran el sistema de recursos humanos de una Pyme en desarrollo. | |
| 650 | 7 | |a ADMINISTRACION DE PERSONAL | |
| 650 | 7 | |b RECLUTAMIENTO Y SELECCIÓN DE PERSONAL | |
| 650 | 7 | |c DESCRIPCION DE PUESTOS DE TRABAJO | |
| 650 | 7 | |d ORGANIZACIÓN ADMINISTRATIVA | |
| 700 | 1 | |a Tutor: |b Selva Mendoza, Mario José | |
| 942 | |c BK |2 ddc | ||
| 991 | |a TESIS | ||
| 999 | |c 18514 | ||